000
00345nam a2200145Ia 4500
008
220204s9999 xx 000 0 und d
020
_a
9789388756631
082
_a
615.5
_b
Kum-H
100
_a
Kumar Sokinder Dr.
245
0
_a
Human Antomy & Physiology - I
250
_a
1ST
260
_a
Delhi
_b
R. Narain Pub.
300
_a
192
942
_c
BK
999
_c
33959
_d
33959